[Event "2.BLO 1617 SC Garching - Bad Mergenthei"]
[Site "?"]
[Date "2017.03.19"]
[Round "9.6"]
[White "Levushkina, Elena"]
[Black "Raps, Johannes"]
[Result "1-0"]
[WhiteElo "2306"]
[BlackElo "2173"]
[PlyCount "121"]
[EventDate "2017.??.??"]

1. e4 c5 2. Nf3 Nc6 3. Bb5 g6 4. O-O Bg7 5. Re1 e5 6. Bxc6 dxc6 7. d3 Ne7 8.
Nbd2 O-O 9. a4 a5 10. Nc4 Qc7 11. Be3 b6 12. b4 axb4 13. a5 bxa5 14. Bxc5 Be6
15. Nfd2 f6 16. Ra4 Rfe8 17. Qa1 Bh6 18. Bxb4 c5 19. Rxa5 Qc6 20. Ra3 Ra6 21.
Bc3 Rea8 22. Rxa6 Qxa6 23. Qxa6 Rxa6 24. Ra1 Rxa1+ 25. Bxa1 Nc6 26. Bc3 Nd4 27.
Bxd4 cxd4 28. Kf1 Kf8 29. Ke2 Ke7 30. Nb3 Kd7 31. Nc5+ Ke7 32. Nxe6 Kxe6 33.
Kd1 Kd7 34. c3 dxc3 35. Kc2 Bf8 36. Kxc3 Bc5 37. Ne3 Ke6 38. Kd2 f5 39. Ke2
fxe4 40. dxe4 h5 41. Nc4 Bd4 42. Nd2 Bc5 43. Nf3 Kf6 44. Ne1 Bd4 45. Nd3 Kg5
46. f3 Kf6 47. f4 exf4 48. Nxf4 Bg1 49. h3 Bc5 50. Nd3 Bb6 51. Kf3 Bc7 52. Ke3
Kg5 53. e5 Kf5 54. Kd4 h4 55. Kd5 Bd8 56. Kd6 Ke4 57. Nc5+ Ke3 58. e6 g5 59.
Ke5 g4 60. hxg4 Kf2 61. g5 1-0

[Event "2.BLO 1617 SC Garching - Bad Mergenthei"]
[Site "?"]
[Date "2017.03.19"]
[Round "9.7"]
[White "Gasthofer, Viktor"]
[Black "Schmitz, Thorsten"]
[Result "1/2-1/2"]
[WhiteElo "2299"]
[BlackElo "2280"]
[PlyCount "43"]
[EventDate "2017.??.??"]

1. Nf3 Nf6 2. g3 g6 3. Bg2 Bg7 4. O-O O-O 5. d4 d6 6. b3 c5 7. Bb2 cxd4 8. Nxd4
d5 9. Nd2 Nc6 10. c4 Nxd4 11. Bxd4 Be6 12. Rc1 Rc8 13. Bxf6 Bxf6 14. cxd5 Rxc1
15. Qxc1 Bxd5 16. Ne4 Bxe4 17. Bxe4 Qa5 18. Qc2 Rd8 19. Rd1 Rxd1+ 20. Qxd1 Qxa2
21. Bxb7 Qa1 22. Qxa1 1/2-1/2

[Event "2.BLO 1617 SC Erlangen - Bindl Aktionär"]
[Site "?"]
[Date "2017.03.19"]
[Round "9.1"]
[White "R, Martin"]
[Black "Wenninger, Philipp"]
[Result "1/2-1/2"]
[WhiteElo "2494"]
[BlackElo "2341"]
[PlyCount "122"]
[EventDate "2017.??.??"]

1. e4 c6 2. Nc3 d5 3. Nf3 Bg4 4. h3 Bxf3 5. Qxf3 Nf6 6. d3 e6 7. Qg3 Qb6 8. Be2
Nbd7 9. O-O O-O-O 10. a3 Qc7 11. f4 Bc5+ 12. Kh1 Rhg8 13. e5 Ne8 14. Na4 Be7
15. d4 g6 16. Qf2 Ng7 17. g4 h5 18. Be3 Rh8 19. Kg2 Kb8 20. b4 Rc8 21. Rab1 Rh7
22. Rh1 Nb6 23. Nc5 Rch8 24. g5 Nf5 25. b5 Rc8 26. a4 cxb5 27. Rxb5 Bxc5 28.
Rxc5 Qd8 29. a5 Nc4 30. Bxc4 Rxc5 31. dxc5 dxc4 32. a6 Qd5+ 33. Kh2 bxa6 34.
Ra1 Kb7 35. c6+ Qxc6 36. Bxa7 Rh8 37. Rb1+ Kc7 38. Rb6 Qd5 39. Rxa6 Ra8 40. c3
Kd7 41. Qa2 Ke8 42. Ra5 Qd7 43. Bf2 Rxa5 44. Qxa5 Kf8 45. Qc5+ Kg7 46. Qxc4 Qd2
47. Kg1 h4 48. Kf1 Ne3+ 49. Bxe3 Qxe3 50. Qd4 Qxh3+ 51. Kg1 Qg3+ 52. Kh1 Qh3+
53. Kg1 Qg4+ 54. Kh2 Qg3+ 55. Kh1 h3 56. Qd2 Kf8 57. Qd8+ Kg7 58. Qd2 Kh7 59.
c4 Kg8 60. c5 Kg7 61. c6 Qf3+ 1/2-1/2

[Event "2.BLO 1617 SC Erlangen - Bindl Aktionär"]
[Site "?"]
[Date "2017.03.19"]
[Round "9.2"]
[White "Hilverda, Alexander"]
[Black "Kriebel, Tadeas"]
[Result "1/2-1/2"]
[WhiteElo "2396"]
[BlackElo "2463"]
[PlyCount "114"]
[EventDate "2017.??.??"]

1. d4 Nf6 2. c4 g6 3. Nc3 d5 4. cxd5 Nxd5 5. e4 Nxc3 6. bxc3 Bg7 7. Be3 c5 8.
Nf3 Bg4 9. Qd2 cxd4 10. cxd4 Nc6 11. Bb5 O-O 12. Bxc6 bxc6 13. Rc1 Rc8 14. Ne5
Bxe5 15. dxe5 Qxd2+ 16. Bxd2 c5 17. Be3 c4 18. Bxa7 Ra8 19. h3 Rxa7 20. hxg4
Rxa2 21. O-O Rc8 22. Rfd1 c3 23. Rd3 Re2 24. Rd4 Rb2 25. Kf1 Ra8 26. Rd3 Raa2
27. Rf3 Re2 28. e6 f6 29. Rcxc3 Rxe4 30. Rfe3 Rxe3 31. Rxe3 Ra4 32. f3 Kg7 33.
Kf2 Kh6 34. Kg3 Kg5 35. Re1 f5 36. gxf5 gxf5 37. Kf2 h5 38. Rb1 h4 39. Rb7 Kf6
40. Rb6 Ke5 41. Kg1 h3 42. gxh3 Kf4 43. h4 Kg3 44. Kf1 Rxh4 45. Ke2 Rh2+ 46.
Ke3 Rh1 47. Kd4 Kxf3 48. Rb7 Rh7 49. Ke5 Kg4 50. Rb4+ Kg5 51. Rf4 Kg6 52. Rxf5
Rh5 53. Rxh5 Kxh5 54. Kf5 Kh6 55. Kf4 Kg6 56. Ke4 Kf6 57. Kf4 Kxe6 1/2-1/2

[Event "2.BLO 1617 SC Erlangen - Bindl Aktionär"]
[Site "?"]
[Date "2017.03.19"]
[Round "9.3"]
[White "Neuman, Petr"]
[Black "Klek, Hanna Marie"]
[Result "1/2-1/2"]
[WhiteElo "2431"]
[BlackElo "2371"]
[PlyCount "111"]
[EventDate "2017.??.??"]

1. e4 e5 2. Nf3 Nc6 3. c3 d5 4. d3 Nf6 5. Nbd2 a5 6. Be2 Bc5 7. O-O O-O 8. b3
Ba7 9. a3 b5 10. Bb2 Bb7 11. b4 axb4 12. cxb4 Re8 13. Qc2 Nd4 14. Nxd4 exd4 15.
e5 Nd7 16. Nb3 Nxe5 17. Bxd4 Bc8 18. Rfe1 Bf5 19. Bxa7 Rxa7 20. Nd4 Bd7 21. Qc5
Qa8 22. Bf1 c6 23. Qc3 Ng6 24. Rec1 Ra6 25. Qb2 Qb8 26. Nb3 Qd6 27. d4 Nf4 28.
Na5 Qg6 29. Re1 Raa8 30. Qd2 Qf6 31. Re3 Re4 32. Nb3 Ne6 33. Rxe4 dxe4 34. d5
Nf4 35. dxc6 Bxc6 36. Qd4 Qg6 37. Qe3 Nd5 38. Qg3 Qf6 39. Rc1 h6 40. Na5 Bd7
41. Rd1 Be6 42. Qd6 Rd8 43. Qc5 Rc8 44. Qd4 Qg5 45. Re1 Rc3 46. Qxe4 Rxa3 47.
Nc6 Rb3 48. Ra1 g6 49. Qd4 Qf6 50. Qxf6 Nxf6 51. Bxb5 Kg7 52. Ba4 Rb2 53. b5
Ne4 54. Nd4 Nc3 55. Bc2 Bc4 56. h3 1/2-1/2

[Event "2.BLO 1617 SC Erlangen - Bindl Aktionär"]
[Site "?"]
[Date "2017.03.19"]
[Round "9.4"]
[White "Miller, Eduard"]
[Black "Cech, Pavel"]
[Result "1/2-1/2"]
[WhiteElo "2324"]
[BlackElo "2358"]
[PlyCount "86"]
[EventDate "2017.??.??"]

1. e4 e6 2. d3 d5 3. Nd2 Nf6 4. Ngf3 Nc6 5. c3 Bd6 6. g3 O-O 7. Bg2 e5 8. exd5
Nxd5 9. O-O Bf5 10. d4 exd4 11. Nxd4 Nxd4 12. Bxd5 Nc6 13. Nc4 Qd7 14. Nxd6
Qxd6 15. Bf4 Qd7 16. Bf3 Rad8 17. Qxd7 Rxd7 18. Rad1 Rc8 19. Rxd7 Bxd7 20. Rd1
Be6 21. b3 f6 22. h4 Kf7 23. Be4 h5 24. f3 Nd8 25. Bxc7 Rxc7 26. Rxd8 f5 27.
Bd3 Rxc3 28. Kf2 Ke7 29. Rd4 a5 30. Ke3 Rc1 31. Ra4 b6 32. Kf4 Kf6 33. Rd4 Rd1
34. Ke3 Re1+ 35. Be2 Ra1 36. Rd2 Ke5 37. Bc4 Bxc4 38. bxc4 Re1+ 39. Kf2 Rc1 40.
Rd5+ Ke6 41. Rb5 Rxc4 42. Rxb6+ Kf7 43. Ke3 Ra4 1/2-1/2

[Event "2.BLO 1617 SC Erlangen - Bindl Aktionär"]
[Site "?"]
[Date "2017.03.19"]
[Round "9.5"]
[White "Wall, Gavin"]
[Black "Merkert, Maximilian"]
[Result "1-0"]
[WhiteElo "2343"]
[BlackElo "2248"]
[PlyCount "75"]
[EventDate "2017.??.??"]

1. e4 Nc6 2. d4 e5 3. dxe5 Nxe5 4. Nc3 Bc5 5. Be2 d6 6. Na4 Bb4+ 7. c3 Ba5 8.
b4 Bb6 9. Nxb6 axb6 10. f4 Ng6 11. Nf3 Nf6 12. Bd3 O-O 13. O-O Re8 14. f5 Ne5
15. Nxe5 Rxe5 16. Bf4 Re8 17. Re1 Bd7 18. b5 Ra3 19. Bc1 Ra5 20. a4 Re7 21. Bg5
Qe8 22. Bxf6 gxf6 23. Qg4+ Kh8 24. Qh4 Kg7 25. Rf1 h6 26. Rf3 Qh8 27. c4 Kh7
28. Bc2 Ra8 29. Rh3 Qg7 30. Rg3 Qh8 31. Raa3 d5 32. cxd5 c6 33. Rg4 Qf8 34.
Qxf6 Rxe4 35. Bxe4 Qc5+ 36. Kf1 Qc1+ 37. Ke2 Qb2+ 38. Qxb2 1-0

[Event "2.BLO 1617 SC Erlangen - Bindl Aktionär"]
[Site "?"]
[Date "2017.03.19"]
[Round "9.6"]
[White "Liepold, Stefan"]
[Black "Krensing, Jan"]
[Result "0-1"]
[WhiteElo "2187"]
[BlackElo "2327"]
[PlyCount "78"]
[EventDate "2017.??.??"]

1. e4 c5 2. Nf3 Nc6 3. d4 cxd4 4. Nxd4 g6 5. c4 Bg7 6. Be3 Nf6 7. Nc3 O-O 8.
Be2 d6 9. O-O Bd7 10. Qd2 Nxd4 11. Bxd4 Bc6 12. f3 a5 13. Kh1 Nd7 14. Bxg7 Kxg7
15. f4 a4 16. Rae1 Qa5 17. Bg4 Rad8 18. Re3 Nf6 19. Be2 e6 20. Qe1 Qb6 21. Qc1
Qc5 22. b3 Kg8 23. Bf3 axb3 24. axb3 Ra8 25. Rd3 Rfd8 26. Rfd1 Qb4 27. Qb2 Qa3
28. Qf2 Rd7 29. Qh4 Ne8 30. Ne2 Qc5 31. Nd4 Ra2 32. e5 dxe5 33. fxe5 Bxf3 34.
gxf3 Qxe5 35. Qh6 Ng7 36. Qh3 Nh5 37. Qh4 Qf4 38. Qh3 Qe5 39. Qg4 Qxh2# 0-1

[Event "2.BLO 1617 SC Erlangen - Bindl Aktionär"]
[Site "?"]
[Date "2017.03.19"]
[Round "9.7"]
[White "Stips, Felix"]
[Black "Boettger, Lukas"]
[Result "1-0"]
[WhiteElo "2307"]
[BlackElo "2230"]
[PlyCount "95"]
[EventDate "2017.??.??"]

1. Nf3 c5 2. c4 g6 3. e4 Bg7 4. d4 cxd4 5. Nxd4 Qb6 6. Nb5 a6 7. Be3 Qa5+ 8.
N5c3 Nf6 9. Nd2 d6 10. Be2 O-O 11. O-O Nc6 12. Nd5 Nd7 13. Nb3 Qd8 14. Rb1 a5
15. f3 a4 16. Na1 Nc5 17. Nc2 f5 18. exf5 Bxf5 19. Kh1 Rc8 20. Qd2 Ne5 21. Rbd1
Ncd3 22. Na3 Nc5 23. Nb5 Ncd3 24. b3 axb3 25. axb3 Nc5 26. Nd4 Nc6 27. Nxf5
gxf5 28. Nf4 Qe8 29. Bxc5 dxc5 30. Ne6 Rf7 31. Nxc5 e6 32. Qe3 Re7 33. f4 Rd8
34. Nd3 Bd4 35. Qh3 Bg7 36. Bh5 Qf8 37. Rfe1 Qf6 38. Qe3 Red7 39. Nc5 Rxd1 40.
Bxd1 Qc3 41. Qxe6+ Kh8 42. Qe2 Qb4 43. Na4 h6 44. h3 Bf6 45. Qe6 Kg7 46. Bh5
Rf8 47. Re3 Ne7 48. Nb6 1-0

[Event "2.BLO 1617 SC Erlangen - Bindl Aktionär"]
[Site "?"]
[Date "2017.03.19"]
[Round "9.8"]
[White "Duerr, Florian"]
[Black "Loew, Gerald"]
[Result "1/2-1/2"]
[WhiteElo "1929"]
[BlackElo "2215"]
[PlyCount "77"]
[EventDate "2017.??.??"]

1. e4 c5 2. Nf3 g6 3. d4 cxd4 4. Qxd4 Nf6 5. Nc3 Nc6 6. Qa4 d6 7. e5 Ng4 8.
exd6 Bg7 9. Bb5 Qxd6 10. O-O O-O 11. Bf4 Qc5 12. h3 Bxc3 13. bxc3 Nf6 14. Bxc6
bxc6 15. Be3 Qb5 16. Qxb5 cxb5 17. a4 Bd7 18. Ne5 a6 19. Nxd7 Nxd7 20. Rfb1
bxa4 21. Rb7 Rfd8 22. Rxa4 Kf8 23. Kf1 Ke8 24. Ke2 Rdc8 25. c4 Rc6 26. Kd3 Kd8
27. f4 Kc8 28. Ra7 Rxa7 29. Bxa7 Kb7 30. Bd4 f6 31. Ra5 Kc7 32. h4 h5 33. g3
Kd6 34. Rd5+ Ke6 35. Ra5 Kd6 36. Rd5+ Ke6 37. Ra5 Nb8 38. Ba7 Nd7 39. Bd4
1/2-1/2

[Event "2.BLO 1617 SC Forchheim - Nickelhütte A"]
[Site "?"]
[Date "2017.03.19"]
[Round "9.1"]
[White "Papp, Gabor"]
[Black "Jirovsky, Milos"]
[Result "1-0"]
[WhiteElo "2582"]
[BlackElo "2444"]
[PlyCount "85"]
[EventDate "2017.??.??"]

1. e4 c5 2. Nf3 Nc6 3. d4 cxd4 4. Nxd4 g6 5. c4 Bg7 6. Be3 Nf6 7. Nc3 O-O 8.
Be2 d6 9. O-O Bd7 10. f3 Nxd4 11. Bxd4 Bc6 12. Qd2 Nd7 13. Be3 a5 14. b3 Qb8
15. Rab1 Rc8 16. Rfc1 Nc5 17. Rc2 b6 18. Bf1 Qb7 19. a3 h5 20. Qf2 Rcb8 21. b4
axb4 22. axb4 Na4 23. Ne2 e5 24. Nc1 f5 25. exf5 gxf5 26. Qh4 Qf7 27. Bg5 e4
28. Rb3 Re8 29. Ne2 b5 30. Nf4 Bd4+ 31. Kh1 Nb6 32. Nxh5 Ra1 33. Rc1 Rxc1 34.
Bxc1 bxc4 35. Ra3 Ra8 36. Rxa8+ Bxa8 37. Qg5+ Kh7 38. Qh6+ Kg8 39. Qg5+ Kh7 40.
Qh6+ Kg8 41. Be3 Qd5 42. Qg6+ Kf8 43. Nf4 1-0

[Event "2.BLO 1617 SC Forchheim - Nickelhütte A"]
[Site "?"]
[Date "2017.03.19"]
[Round "9.2"]
[White "Jansa, Vlastimil"]
[Black "Prohaszka, Peter"]
[Result "0-1"]
[WhiteElo "2452"]
[BlackElo "2590"]
[PlyCount "45"]
[EventDate "2017.??.??"]

1. e4 c6 2. d4 d5 3. Nd2 dxe4 4. Nxe4 Bf5 5. Ng3 Bg6 6. h4 h6 7. Nf3 e6 8. Ne5
Bh7 9. Bd3 Bxd3 10. Qxd3 Nd7 11. f4 Be7 12. Bd2 Nxe5 13. fxe5 Bxh4 14. O-O-O
Bxg3 15. Qxg3 Ne7 16. Qxg7 Rg8 17. Qh7 Rxg2 18. Bxh6 Qa5 19. Kb1 O-O-O 20. Qd3
Kb8 21. Bc1 Rg4 22. Qf3 Rdg8 23. Rh5 0-1

[Event "2.BLO 1617 SC Forchheim - Nickelhütte A"]
[Site "?"]
[Date "2017.03.19"]
[Round "9.3"]
[White "Meijers, Viesturs"]
[Black "Rupprecht, Andreas"]
[Result "1-0"]
[WhiteElo "2483"]
[BlackElo "2419"]
[PlyCount "41"]
[EventDate "2017.??.??"]

1. c4 e5 2. b3 Nc6 3. Bb2 Nf6 4. g3 d5 5. cxd5 Qxd5 6. Nf3 e4 7. Nc3 Qh5 8. Nh4
Bc5 9. Bg2 Bd4 10. Qb1 O-O 11. Nxe4 Re8 12. Bxd4 Nxe4 13. Be3 Nxd2 14. Qc2 Qe5
15. Rd1 Ne4 16. O-O f5 17. a3 a5 18. Nf3 Qe7 19. Nd2 Nxd2 20. Rxd2 Qxa3 21.
Bxc6 1-0

[Event "2.BLO 1617 SC Forchheim - Nickelhütte A"]
[Site "?"]
[Date "2017.03.19"]
[Round "9.5"]
[White "Gaponenko, Inna"]
[Black "Seyb, Alexander"]
[Result "1-0"]
[WhiteElo "2407"]
[BlackElo "2407"]
[PlyCount "81"]
[EventDate "2017.??.??"]

1. e4 c5 2. Nf3 d6 3. d4 cxd4 4. Nxd4 Nf6 5. Nc3 a6 6. h3 e6 7. g4 Be7 8. g5
Nfd7 9. h4 b5 10. a3 Bb7 11. Rh3 Nc6 12. Be3 Rc8 13. f4 Nc5 14. Bg2 Qc7 15. Qd2
O-O 16. O-O-O b4 17. Nxc6 bxc3 18. Nxe7+ Qxe7 19. Qxc3 Bxe4 20. Bxe4 Nxe4 21.
Qb4 Nc5 22. Bxc5 Rxc5 23. Rc3 Rxc3 24. Qxc3 d5 25. f5 exf5 26. Rxd5 Qe4 27. Qe5
Qh1+ 28. Rd1 Qxh4 29. Qxf5 h6 30. gxh6 Qxh6+ 31. Kb1 Re8 32. Rf1 Qe6 33. b4 f6
34. Qxe6+ Rxe6 35. c4 g5 36. Kc2 Kf7 37. Kd3 Kg6 38. b5 g4 39. Rb1 axb5 40.
cxb5 Rd6+ 41. Ke3 1-0

[Event "2.BLO 1617 SC Forchheim - Nickelhütte A"]
[Site "?"]
[Date "2017.03.19"]
[Round "9.6"]
[White "Heidrich, Manfred"]
[Black "Eichner, Sebastian"]
[Result "1-0"]
[WhiteElo "2361"]
[BlackElo "2371"]
[PlyCount "71"]
[EventDate "2017.??.??"]

1. e4 e6 2. d4 d5 3. Nd2 Nf6 4. e5 Nfd7 5. c3 c5 6. Bd3 Nc6 7. Ne2 cxd4 8. cxd4
f6 9. exf6 Nxf6 10. Nf3 Bd6 11. O-O Qc7 12. g3 O-O 13. Bf4 Ne4 14. Bxd6 Qxd6
15. Nd2 Nxd2 16. Qxd2 e5 17. dxe5 Nxe5 18. Nd4 Qb6 19. Be2 Bh3 20. Rfe1 Rae8
21. Rad1 Kh8 22. b4 a6 23. a4 h6 24. b5 axb5 25. axb5 Rc8 26. Bf1 Nc4 27. Qb4
Bxf1 28. Re6 Qa7 29. Kxf1 Rfe8 30. Qe1 Qb8 31. Qe2 Nd6 32. Qe5 Ne4 33. Rxh6+
Kg8 34. Qxd5+ Kf8 35. Rh8+ Ke7 36. Qe6+ 1-0

[Event "2.BLO 1617 SC Forchheim - Nickelhütte A"]
[Site "?"]
[Date "2017.03.19"]
[Round "9.7"]
[White "Spiess, Gunter"]
[Black "Doeres, Hans-Juergen"]
[Result "1-0"]
[WhiteElo "2430"]
[BlackElo "2207"]
[PlyCount "135"]
[EventDate "2017.??.??"]

1. d4 d5 2. c4 c6 3. Nc3 Nf6 4. e3 Bf5 5. Qb3 Qb6 6. cxd5 Qxb3 7. axb3 Nxd5 8.
Nxd5 cxd5 9. Nf3 f6 10. Bd2 e6 11. Bb5+ Nd7 12. O-O Bd6 13. Rfc1 Ke7 14. Ne1 a6
15. Be2 Rhc8 16. Rc3 Nb6 17. Nd3 Nd7 18. Rac1 Kd8 19. Nf4 Rxc3 20. bxc3 g5 21.
g4 gxf4 22. gxf5 fxe3 23. fxe3 Ke7 24. Bf3 Rg8+ 25. Kh1 b5 26. Re1 Nb6 27. fxe6
f5 28. Ra1 Ra8 29. c4 bxc4 30. bxc4 Nxc4 31. Bxd5 Rc8 32. Rc1 Nb6 33. Rxc8 Nxc8
34. Bb7 Nb6 35. Bxa6 Kxe6 36. Kg2 Kd5 37. Bd3 Ke6 38. h3 Nd7 39. Ba6 Nb6 40.
Ba5 Bc7 41. Kf3 Kf6 42. Bb7 Nd5 43. Be1 Nb6 44. Ba6 Nd5 45. Bc4 Nb6 46. Bb3 Bd6
47. Bh4+ Kg6 48. e4 fxe4+ 49. Kxe4 Bc7 50. Be6 Kh5 51. Be7 Kg6 52. Kd3 Kg7 53.
Kc3 Bg3 54. Kb4 Na8 55. Kc5 Nc7 56. Bc4 Bf2 57. Kc6 Bxd4 58. Kxc7 Bf6 59. Bc5
Bc3 60. Kd7 Bb2 61. Ke8 Bc3 62. Bf8+ Kf6 63. Bd3 h5 64. h4 Bd4 65. Bb4 Kg7 66.
Bf8+ Kf6 67. Bh6 Bc3 68. Kf8 1-0

[Event "2.BLO 1617 SC Forchheim - Nickelhütte A"]
[Site "?"]
[Date "2017.03.19"]
[Round "9.8"]
[White "Schulz, Lukas"]
[Black "Wichmann, Cliff"]
[Result "1/2-1/2"]
[WhiteElo "2196"]
[BlackElo "2293"]
[PlyCount "63"]
[EventDate "2017.??.??"]

1. e4 e6 2. Nc3 d5 3. g3 dxe4 4. Nxe4 Nf6 5. Bg2 Nxe4 6. Bxe4 e5 7. d3 Nc6 8.
Qh5 Qd6 9. Bd2 g6 10. Bxc6+ bxc6 11. Qe2 Bg7 12. Bc3 Qd5 13. Qe4 Bf5 14. Qxd5
cxd5 15. Nf3 O-O 16. O-O d4 17. Ba5 e4 18. Nh4 Bh3 19. Rfe1 g5 20. Ng2 exd3 21.
cxd3 c5 22. Rac1 Rfc8 23. Re2 Bf8 24. f3 Bf5 25. Ne1 Re8 26. Kf2 Rxe2+ 27. Kxe2
Re8+ 28. Kd1 Re6 29. Bd8 g4 30. f4 Rd6 31. Rxc5 Bd7 32. Bc7 {(=)} 1/2-1/2

[Event "2.BLO 1617 Bindl Aktionär - SC Forchhei"]
[Site "?"]
[Date "2017.03.19"]
[Round "10.1"]
[White "Jirovsky, Milos"]
[Black "Petr, Martin"]
[Result "1/2-1/2"]
[WhiteElo "2444"]
[BlackElo "2494"]
[PlyCount "51"]
[EventDate "2017.??.??"]

1. Nf3 d5 2. d4 Nf6 3. c4 e6 4. e3 c5 5. Nc3 Nc6 6. a3 a6 7. dxc5 Bxc5 8. b4
Ba7 9. Bb2 O-O 10. cxd5 exd5 11. Be2 d4 12. exd4 Nxd4 13. Nxd4 Qxd4 14. Qxd4
Bxd4 15. Rd1 Be5 16. O-O Ne4 17. Rc1 Be6 18. Na4 Bxb2 19. Nxb2 Rfd8 20. Rfe1
Rac8 21. Bc4 Bxc4 22. Nxc4 b5 23. Rxe4 bxc4 24. Kf1 c3 25. Re3 c2 26. Ke1
1/2-1/2

[Event "2.BLO 1617 Bindl Aktionär - SC Forchhei"]
[Site "?"]
[Date "2017.03.19"]
[Round "10.2"]
[White "Kriebel, Tadeas"]
[Black "Jansa, Vlastimil"]
[Result "1/2-1/2"]
[WhiteElo "2463"]
[BlackElo "2452"]
[PlyCount "43"]
[EventDate "2017.??.??"]

1. e4 e5 2. Nf3 Nc6 3. Bc4 Nf6 4. d3 Be7 5. Nc3 O-O 6. Be3 d6 7. a3 Be6 8. Nd5
Bxd5 9. exd5 Nb8 10. Nd2 Nbd7 11. Ba2 Ne8 12. g4 Bg5 13. Qf3 Bxe3 14. fxe3 Qh4+
15. Qg3 Qxg3+ 16. hxg3 a6 17. Ke2 Nef6 18. Rh4 Nc5 19. e4 Ne8 20. Nc4 Nf6 21.
Rah1 Rfd8 22. Ne3 {(=)} 1/2-1/2

[Event "2.BLO 1617 Bindl Aktionär - SC Forchhei"]
[Site "?"]
[Date "2017.03.19"]
[Round "10.3"]
[White "Rupprecht, Andreas"]
[Black "Neuman, Petr"]
[Result "1/2-1/2"]
[WhiteElo "2419"]
[BlackElo "2431"]
[PlyCount "41"]
[EventDate "2017.??.??"]

1. c4 Nf6 2. Nf3 g6 3. Nc3 Bg7 4. e4 d6 5. d4 O-O 6. Be2 e5 7. O-O exd4 8. Nxd4
Re8 9. f3 Nc6 10. Be3 Nh5 11. Qd2 Nxd4 12. Bxd4 Nf4 13. Rfd1 Bxd4+ 14. Qxd4
Nxe2+ 15. Nxe2 b6 16. Nc3 Bb7 17. Rac1 Qg5 18. Nd5 Bxd5 19. cxd5 Re7 20. Rc4 b5
21. Rc6 {(=)} 1/2-1/2

[Event "2.BLO 1617 Bindl Aktionär - SC Forchhei"]
[Site "?"]
[Date "2017.03.19"]
[Round "10.4"]
[White "Cech, Pavel"]
[Black "Ott, Florian"]
[Result "1/2-1/2"]
[WhiteElo "2358"]
[BlackElo "2341"]
[PlyCount "30"]
[EventDate "2017.??.??"]

1. e4 c5 2. Nf3 d6 3. d4 cxd4 4. Nxd4 Nf6 5. Nc3 a6 6. Be3 e5 7. Nde2 Be7 8.
Ng3 Be6 9. Be2 O-O 10. Nh5 Nbd7 11. O-O Rc8 12. Nxf6+ Nxf6 13. Bf3 b5 14. Qd2
Qc7 15. a3 Rfd8 {(=)} 1/2-1/2

[Event "2.BLO 1617 Bindl Aktionär - SC Forchhei"]
[Site "?"]
[Date "2017.03.19"]
[Round "10.6"]
[White "Krensing, Jan"]
[Black "Heidrich, Manfred"]
[Result "1/2-1/2"]
[WhiteElo "2327"]
[BlackElo "2361"]
[PlyCount "81"]
[EventDate "2017.??.??"]

1. d4 f5 2. g3 Nf6 3. Bg2 g6 4. Nf3 Bg7 5. O-O O-O 6. c4 d6 7. Nc3 c6 8. Rb1 a5
9. Qb3 Ne4 10. c5+ Kh8 11. Na4 Nd7 12. Rd1 Qe8 13. Ng5 Nxg5 14. Bxg5 d5 15. Bf4
e5 16. dxe5 Bxe5 17. Bxe5+ Qxe5 18. Qc3 f4 19. Rd4 g5 20. Re1 Nf6 21. Nb6 Rb8
22. e4 Re8 23. Rc1 dxe4 24. Nc4 Nd5 25. Nxe5 Nxc3 26. Rxc3 Rxe5 27. Bxe4 Be6
28. a3 Re8 29. f3 Kg7 30. Rc1 fxg3 31. hxg3 Bb3 32. Rc3 a4 33. Rd7+ R8e7 34.
Rxe7+ Rxe7 35. g4 Rd7 36. Rd3 Rxd3 37. Bxd3 h6 38. Kf2 Kf6 39. Ke3 Ke5 40. Bf5
Bc4 41. Bc2 {(=)} 1/2-1/2

[Event "2.BLO 1617 Bindl Aktionär - SC Forchhei"]
[Site "?"]
[Date "2017.03.19"]
[Round "10.7"]
[White "Doeres, Hans-Juergen"]
[Black "Stips, Felix"]
[Result "1/2-1/2"]
[WhiteElo "2207"]
[BlackElo "2307"]
[PlyCount "79"]
[EventDate "2017.??.??"]

1. c4 c6 2. g3 d5 3. Bg2 Nf6 4. Nf3 g6 5. b3 Bg7 6. Bb2 O-O 7. O-O Nbd7 8. d3
Re8 9. cxd5 cxd5 10. d4 Ne4 11. Nc3 Ndf6 12. Ne5 Bf5 13. Nxe4 Nxe4 14. f3 Nd6
15. Qd2 Qb6 16. Kh1 a5 17. Ba3 a4 18. Bc5 Qa6 19. g4 Be6 20. Rab1 b6 21. Bb4
Rec8 22. e3 Rc7 23. h3 Rac8 24. Rfc1 axb3 25. axb3 Rxc1+ 26. Rxc1 Rxc1+ 27.
Qxc1 Qb5 28. Qc3 Nc8 29. Kh2 Bf8 30. Nd3 Bd7 31. Bf1 f6 32. Kg2 Qc6 33. Qxc6
Bxc6 34. Kf2 Kf7 35. h4 Na7 36. g5 Bg7 37. Bh3 h6 38. f4 Bb5 39. Ne1 Nc6 40.
Bc3 {(=)} 1/2-1/2

[Event "2.BLO 1617 Bindl Aktionär - SC Forchhei"]
[Site "?"]
[Date "2017.03.19"]
[Round "10.8"]
[White "Loew, Gerald"]
[Black "Bartsch, Berthold"]
[Result "1-0"]
[WhiteElo "2215"]
[BlackElo "2278"]
[PlyCount "79"]
[EventDate "2017.??.??"]

1. c4 e6 2. g3 d5 3. Bg2 Nf6 4. Nf3 dxc4 5. Qa4+ Nbd7 6. Qxc4 Be7 7. O-O O-O 8.
d4 c6 9. Nc3 Nd5 10. Bd2 Re8 11. e4 Nxc3 12. Bxc3 Qc7 13. b4 b6 14. Rfd1 Bb7
15. d5 exd5 16. exd5 b5 17. d6 bxc4 18. dxc7 Nb6 19. Rac1 Rac8 20. Bh3 Rxc7 21.
Be5 Rcc8 22. Bxc8 Rxc8 23. Bd6 Bf6 24. Ne5 Ba6 25. f4 Bb5 26. Bc5 h6 27. Bxb6
Bxe5 28. Bd4 Bd6 29. Bc5 Bc7 30. Rd7 g5 31. fxg5 hxg5 32. a4 Ba6 33. Bd4 f6 34.
Bxf6 Bb6+ 35. Bd4 Bxd4+ 36. Rxd4 c5 37. bxc5 Rxc5 38. Rd8+ Kf7 39. Rd7+ Kg6 40.
Rd6+ 1-0

[Event "2.BLO 1617 Nickelhütte Aue - SC Erlange"]
[Site "?"]
[Date "2017.03.19"]
[Round "10.1"]
[White "Wenninger, Philipp"]
[Black "Papp, Gabor"]
[Result "0-1"]
[WhiteElo "2341"]
[BlackElo "2582"]
[PlyCount "56"]
[EventDate "2017.??.??"]

1. d4 Nf6 2. c4 e6 3. Nc3 Bb4 4. e3 O-O 5. Nge2 c6 6. a3 Ba5 7. Qc2 d5 8. Ng3
Nbd7 9. cxd5 exd5 10. Bd3 Re8 11. Bd2 c5 12. O-O c4 13. Be2 Rb8 14. Bf3 Nf8 15.
Rad1 Ng6 16. Nxd5 Nxd5 17. Bxd5 Qxd5 18. Qa4 Bg4 19. Bxa5 Bxd1 20. Rxd1 Nh4 21.
f3 Rxe3 22. Be1 Rd3 23. Rc1 Nxg2 24. Kxg2 Qxf3+ 25. Kh3 Qf1+ 26. Kg4 Rxd4+ 27.
Kh5 Qh3+ 28. Kg5 h6# 0-1

[Event "2.BLO 1617 Nickelhütte Aue - SC Erlange"]
[Site "?"]
[Date "2017.03.19"]
[Round "10.2"]
[White "Prohaszka, Peter"]
[Black "Hilverda, Alexander"]
[Result "1-0"]
[WhiteElo "2590"]
[BlackElo "2396"]
[PlyCount "107"]
[EventDate "2017.??.??"]

1. d4 d5 2. Bf4 c5 3. e3 Nc6 4. c3 Nf6 5. Nd2 Bf5 6. Qb3 Qd7 7. Ngf3 c4 8. Qd1
h6 9. a4 e6 10. b3 cxb3 11. Qxb3 Bd6 12. Bxd6 Qxd6 13. Be2 O-O 14. O-O Rfc8 15.
a5 Rab8 16. Rfc1 b6 17. axb6 axb6 18. c4 Na5 19. Qb5 dxc4 20. Bxc4 Nxc4 21.
Rxc4 Rxc4 22. Nxc4 Qd5 23. Qb4 Ne8 24. Nfd2 b5 25. h3 Qd8 26. Ne5 Qd6 27. Qxd6
Nxd6 28. Ra6 Ne4 29. Nc6 Rb7 30. Nxe4 Bxe4 31. Nb4 Bd5 32. f3 Bc4 33. Kf2 f6
34. e4 Rd7 35. Ke3 g5 36. g3 Kf7 37. h4 gxh4 38. gxh4 Kg6 39. Nd3 Kf7 40. Nc5
Rc7 41. f4 Re7 42. h5 Rc7 43. Kd2 Re7 44. Kc3 Be2 45. Ra2 Bxh5 46. Rh2 Bf3 47.
Rxh6 Kg7 48. Rh3 Be2 49. d5 exd5 50. exd5 Bc4 51. d6 Re8 52. d7 Rd8 53. f5 Kf8
54. Rh7 1-0

[Event "2.BLO 1617 Nickelhütte Aue - SC Erlange"]
[Site "?"]
[Date "2017.03.19"]
[Round "10.3"]
[White "Klek, Hanna Marie"]
[Black "Meijers, Viesturs"]
[Result "1/2-1/2"]
[WhiteElo "2371"]
[BlackElo "2483"]
[PlyCount "114"]
[EventDate "2017.??.??"]

1. e4 c5 2. Nf3 a6 3. c3 d5 4. exd5 Qxd5 5. d4 Nf6 6. Be3 cxd4 7. cxd4 e6 8.
Nc3 Qd6 9. Rc1 Nc6 10. g3 Nd5 11. Bg2 Nxe3 12. fxe3 Be7 13. O-O O-O 14. Ne4 Qb4
15. Rf2 h6 16. Ne5 Nxe5 17. dxe5 Qa5 18. Qd4 Rd8 19. Nd6 f6 20. Qc3 Qxc3 21.
Rxc3 Bxd6 22. exd6 Rxd6 23. Rfc2 Bd7 24. Bxb7 Rd8 25. Be4 f5 26. Bf3 g5 27. h3
Kf7 28. Be2 Bb5 29. Bxb5 axb5 30. Rf2 Rd3 31. Rxd3 Rxd3 32. Re2 Kf6 33. Kf2 Ke5
34. Kf3 h5 35. g4 hxg4+ 36. hxg4 fxg4+ 37. Kxg4 Ke4 38. Kxg5 e5 39. Kf6 Rd6+
40. Kg5 Kf3 41. Rh2 e4 42. Rh3+ Ke2 43. Kf5 Kd3 44. Rh1 Rb6 45. Rd1+ Kc2 46.
Rh1 Kd3 47. Rd1+ Kxe3 48. Re1+ Kd3 49. Rxe4 b4 50. a3 b3 51. Rb4 Rxb4 52. axb4
Kc2 53. b5 Kxb2 54. b6 Ka2 55. b7 b2 56. b8=Q b1=Q+ 57. Qxb1+ Kxb1 1/2-1/2